| 000 | 01032nam0a2200277 4500 | ||
|---|---|---|---|
| 001 | RU\NLR\BIBL_A\011692385 | ||
| 005 | 20250626112049.0 | ||
| 010 |
_a978-5-9500909-4-3 _9300 |
||
| 035 | _a(NLR Aleph) 011692385 | ||
| 090 |
_a11345667 _c11345667 |
||
| 100 | _a20180504d2017 |||y0rusy50 ca | ||
| 101 | 0 | _aady | |
| 102 | _aRU | ||
| 105 | _ay e 000 y | ||
| 200 | 1 |
_aАдыгэ лексикон _fЕдыдж Батырай _g[пер. с турец. на адыг. Эйгюн Щенгюль] |
|
| 210 |
_aМыекъуапэ _cПолиграф Юг _d2017 |
||
| 215 |
_a227 с. _d24 |
||
| 541 | 1 |
_6z01790 _aАдыгский лексикон _zrus |
|
| 606 | 1 |
_aАдыги _jСловари _xЭтнографические исследования _9909690 _3RU\NLR\AUTH\6612290 |
|
| 686 | 1 | _aТ52(241=Адыг)-7 я21 | |
| 700 | 1 |
_aЕдыдж _bБ. _gБатырай _4070 |
|
| 790 | 1 |
_6z01541 _aЕзбек _bБ. _gБатырай _4070 |
|
| 852 |
_aNLR _bОНЛ _jАдыг./4-142 |
||
| 942 | _cBOOK | ||
| 980 | _aNB | ||